[Event "Czech Open-GM 2022"]
[Site "Pardubice"]
[Date "2022.07.28"]
[Round "7.26"]
[White "Finek, Vaclav"]
[Black "Hrbek, Stepan"]
[Result "1-0"]
[WhiteElo "2393"]
[BlackElo "2272"]
[Annotator "TA"]
[PlyCount "83"]
[EventDate "2022.07.22"]
[EventType "swiss"]
[EventCountry "CZE"]
[SourceTitle "playchess.com"]
[Source "ChessBase"]
[SourceQuality "1"]
[TimeControl "40/5400+30:1800+30"]

{[%evp 9,83,17,13,14,27,20,27,18,16,0,24,13,27,23,18,12,19,22,24,21,17,14,18,15,17,9,15,6,12,4,25,0,17,14,41,39,72,57,131,115,83,43,89,65,140,114,123,123,211,209,225,219,367,358,656,631,742,735,712,702,804,394,812,422,445,439,512,495,1146,1109,976,735,5297,5281,29989,29986]} 1. c4 e5 {[%emt 0:02:38]} 2. Nc3 {[%emt 0:01:21]} Bb4 {[%emt 0:00:05]} 3. Nd5 {[%emt 0:00:04]} Be7 {[%emt 0:00:07]} 4. d4 {[%emt 0:00:21]} exd4 {[%emt 0:00:09]} 5. Qxd4 {[%emt 0:00:24]} Nf6 {[%emt 0:00:08]} 6. Nxe7 {[%emt 0:01:00] A21: English Opening: 1...e5 2 Nc3.} Qxe7 {[%emt 0:00:08]} 7. Bg5 {[%emt 0:00:04]} Nc6 {[%emt 0:00:07]} 8. Qc3 {[%emt 0:00:44] White has an edge.} d6 {[%emt 0:00:09]} 9. e3 {[%emt 0:18:59] [#]} Be6 $146 {[%emt 0:01:42][%cal Of6e4]} ({Predecessor:} 9... Ne5 10. Nf3 h6 11. Bh4 O-O 12. Nxe5 dxe5 13. Bd3 Qe6 14. O-O-O Nd7 15. f3 Nc5 {0-1 (40) Coleman,T (2333)-Kashlinskaya,A (2494) Chess.com INT 2020}) 10. Ne2 {[%emt 0:04:23]} Ne5 {[%emt 0:18:04]} 11. Nf4 {[%emt 0:04:35][%cal Oc4c5]} h6 {[%emt 0:03:12]} 12. Bxf6 {[%emt 0:06:18]} Qxf6 {[%emt 0:00:44]} 13. Be2 {[%emt 0:00:40][%cal Bf1e2,Be2f3,Bf3d5][%mdl 32]} Nd7 {[%emt 0:08:01]} 14. Qd2 {[%emt 0:06:41]} O-O {[%emt 0:03:05]} 15. O-O {[%emt 0:01:14]} a5 {[%emt 0:00:17]} 16. Rac1 {[%emt 0:02:34]} Nc5 {[%emt 0:01:27]} 17. Bf3 {[%emt 0:00:51]} a4 {[%emt 0:05:22]} 18. Qd4 {[%emt 0:04:13]} Qe5 {[%emt 0:04:22]} 19. Rfd1 {[%emt 0:02:59]} Qg5 {[%emt 0:09:15]} 20. h3 {[%emt 0:06:02][%cal Bh2h3,Bh3h4][%mdl 32]} Rab8 {[%emt 0:02:41]} 21. Bd5 {[%emt 0:06:05]} b5 {[%emt 0:04:39]} 22. h4 {[%emt 0:06:56]} Qe7 {[%emt 0:01:47]} 23. Nh5 {[%emt 0:01:12][%csl Gh5][%cal Rd4g7] [#]} f6 {[%emt 0:01:27]} (23... f5 $1 $14) 24. Nf4 $36 {[%emt 0:00:55][%mdl 2048] White has strong initiative.} Bxd5 {[%emt 0:00:48]} 25. cxd5 {[%emt 0:03:04] Strongly threatening Ng6.} ({But not} 25. Qxd5+ $6 Qf7 $11) 25... Qd7 {[%emt 0:05:08]} (25... Rf7 $14) 26. Nd3 {[%emt 0:02:39] Black is now going downhill.} Na6 {[%emt 0:00:22]} ({Better is} 26... Nxd3 $14 27. Qxd3 Rfe8) 27. Rc6 {[%emt 0:00:40]} Ra8 {[%emt 0:00:19]} 28. Rdc1 {[%emt 0:01:04] White is more active.} Rfb8 {[%emt 0:00:20] [#]} (28... Rfc8 $16 29. g3 Kh8) 29. b4 $1 $18 {[%emt 0:03:16]} axb3 {[%emt 0:04:41]} 30. axb3 {[%emt 0:01:05]} b4 {[%emt 0:00:05]} (30... Rc8 $142 31. Ra1 Nc5 32. Nxc5 Rxa1+ 33. Qxa1 dxc5) 31. Qc4 {[%emt 0:03:32]} Qc8 {[%emt 0:00:17]} (31... Nc5 32. Nxc5 dxc5 33. Rxc5 Kh8 34. Rxc7 Qd6) 32. Ra1 {[%emt 0:03:25]} Nc5 {[%emt 0:00:05]} 33. Rxa8 {[%emt 0:00:04]} Rxa8 {[%emt 0:00:05]} 34. Nxc5 {[%emt 0:00:44] Threatens to win with Ne6.} dxc5 {[%emt 0:01:05]} 35. Rxc5 {[%emt 0:01:00][%mdl 4096] Endgame KQR-KQR} (35. d6+ $142 Kh8 36. dxc7) 35... Qd7 $2 {[%emt 0:02:26]} (35... Qa6 36. Rxc7 Kh8 37. Qxa6 Rxa6) 36. Rxc7 {[%emt 0:03:22]} Ra1+ {[%emt 0:01:51]} 37. Kh2 {[%emt 0:00:05]} Qd6+ {[%emt 0:00:18]} 38. g3 {[%emt 0:00:21] Hoping for Rc8+.} Rd1 {[%emt 0:00:45]} (38... Ra8 $142 39. Rb7 Rd8) 39. Rc8+ {[%emt 0:00:31]} Kf7 {[%emt 0:00:08]} 40. e4 {[%emt 0:01:37][%cal Be3e4,Be4f5][%mdl 32] aiming for Rc6.} f5 {[%emt 0:01:40]} 41. Qe2 {[%emt 0:30:54] White wants to mate with Qh5+.} Qb6 {[%emt 0:31:51]} 42. exf5 {[%emt 0:01:13] Weighted Error Value: White=0.39/Black=0.56} 1-0

[Event "Czech Open-GM 2022"]
[Site "Pardubice"]
[Date "2022.07.28"]
[Round "7.27"]
[White "Klimakovs, Sergejs"]
[Black "Czerw, Dawid"]
[Result "1-0"]
[WhiteElo "2266"]
[BlackElo "2391"]
[Annotator "TA"]
[PlyCount "103"]
[EventDate "2022.07.22"]
[EventType "swiss"]
[EventCountry "CZE"]
[SourceTitle "playchess.com"]
[Source "ChessBase"]
[SourceQuality "1"]

1. e4 c5 2. Nf3 Nc6 3. d4 cxd4 4. Nxd4 Nf6 5. Nc3 e5 6. Ndb5 d6 7. Bg5 a6 8. Na3 b5 9. Nd5 Be7 10. Bxf6 Bxf6 11. c3 O-O 12. Nc2 Be6 13. Nce3 Bg5 14. a4 Ne7 15. axb5 Bxe3 16. Nxe3 axb5 17. Bxb5 Qb6 18. c4 Rxa1 19. Qxa1 f5 20. exf5 Nxf5 21. Nxf5 Bxf5 22. Qd1 Qa5+ 23. Ke2 Qb4 24. Qd2 Qc5 25. Qe3 Qc7 26. Ra1 d5 27. Ra7 Qd6 28. Ra6 Qe7 29. Ra7 Qd6 30. Qg3 Bg6 31. Rd7 Bh5+ 32. f3 Qf6 33. Rxd5 e4 34. Rxh5 exf3+ 35. gxf3 Qxb2+ 36. Kf1 Ra8 37. Re5 Qb1+ 38. Kg2 Ra2+ 39. Kh3 Qf1+ 40. Kh4 h6 41. Re8+ Kh7 42. Re7 Qa1 43. Qe5 Rxh2+ 44. Qxh2 Qf6+ 45. Kg3 Qxe7 46. Qc2+ g6 47. Qe4 Qg5+ 48. Kf2 Qd2+ 49. Qe2 Qd4+ 50. Kg2 h5 51. Be8 h4 52. Qe4 1-0

[Event "Czech Open-GM 2022"]
[Site "Pardubice"]
[Date "2022.07.28"]
[Round "7.28"]
[White "Neuman, Petr"]
[Black "Nemec, Vjekoslav"]
[Result "1-0"]
[WhiteElo "2378"]
[BlackElo "2243"]
[Annotator "TA"]
[PlyCount "61"]
[EventDate "2022.07.22"]
[EventType "swiss"]
[EventCountry "CZE"]
[SourceTitle "playchess.com"]
[Source "ChessBase"]
[SourceQuality "1"]

1. d4 Nf6 2. c4 g6 3. Nc3 d5 4. cxd5 Nxd5 5. e4 Nxc3 6. bxc3 Bg7 7. Nf3 c5 8. Rb1 Nc6 9. d5 Ne5 10. Bb5+ Bd7 11. Nxe5 Bxe5 12. O-O a6 13. Bxd7+ Qxd7 14. Bh6 b5 15. Qc2 c4 16. f4 Bd6 17. Kh1 f6 18. a4 Rg8 19. Qe2 Bc5 20. axb5 axb5 21. e5 f5 22. e6 Qxd5 23. Rxb5 Rd8 24. h4 g5 25. fxg5 Rg6 26. Re1 f4 27. h5 Rxg5 28. Bxg5 Qxg5 29. Rxc5 Qxc5 30. Qg4 Kf8 31. h6 1-0

[Event "Czech Open-GM 2022"]
[Site "Pardubice"]
[Date "2022.07.28"]
[Round "7.29"]
[White "Butkiewicz, Lukasz"]
[Black "Mullick, Raahil"]
[Result "1/2-1/2"]
[WhiteElo "2370"]
[BlackElo "2237"]
[Annotator "TA"]
[PlyCount "88"]
[EventDate "2022.07.22"]
[EventType "swiss"]
[EventCountry "CZE"]
[SourceTitle "playchess.com"]
[Source "ChessBase"]
[SourceQuality "1"]

1. d4 d5 2. c4 c6 3. Nf3 Nf6 4. Nc3 dxc4 5. a4 Bf5 6. Ne5 Nbd7 7. Nxc4 Nb6 8. Ne5 a5 9. e3 h6 10. f3 e6 11. e4 Bh7 12. Be3 Nfd7 13. Nxd7 Nxd7 14. Qb3 Bb4 15. Be2 O-O 16. O-O e5 17. dxe5 Nxe5 18. f4 Nd7 19. Rad1 Qe7 20. e5 Nc5 21. Bxc5 Bxc5+ 22. Kh1 Rad8 23. Qc4 Kh8 24. Bf3 Bf5 25. Ne4 Bb4 26. Qe2 Be6 27. Qc2 Rxd1 28. Rxd1 Rd8 29. Rd3 Bf5 30. g4 Be6 31. Qd1 Rxd3 32. Qxd3 Qh4 33. Qe2 Bb3 34. Nd6 Qe7 35. Qd3 Bxa4 36. b3 Bb5 37. Nxb5 cxb5 38. Qxb5 Qc7 39. Qxb7 Qc1+ 40. Kg2 Qd2+ 41. Kh3 Qxf4 42. Qc8+ Kh7 43. Qf5+ Qxf5 44. gxf5 f6 1/2-1/2

[Event "Czech Open-GM 2022"]
[Site "Pardubice"]
[Date "2022.07.28"]
[Round "7.30"]
[White "Svanda, Ondrej"]
[Black "Ludvik, Tomas"]
[Result "0-1"]
[WhiteElo "2363"]
[BlackElo "2223"]
[Annotator "TA"]
[PlyCount "142"]
[EventDate "2022.07.22"]
[EventType "swiss"]
[EventCountry "CZE"]
[SourceTitle "playchess.com"]
[Source "ChessBase"]
[SourceQuality "1"]

1. Nf3 d5 2. g3 Nf6 3. Bg2 e6 4. c4 dxc4 5. Qa4+ Nbd7 6. Qxc4 a6 7. Qc2 c5 8. a4 Bd6 9. Na3 O-O 10. Nc4 Bc7 11. a5 e5 12. d3 Re8 13. O-O e4 14. dxe4 Nxe4 15. Bf4 Ndf6 16. Rfd1 Qe7 17. Bxc7 Qxc7 18. Nb6 Rb8 19. Nd5 Qd6 20. Nc3 Qe7 21. Nxe4 Nxe4 22. Rd5 Qf6 23. Rad1 Bg4 24. h3 Bf5 25. g4 Bg6 26. Qb3 b5 27. axb6 Rxb6 28. Qa4 Rbb8 29. Ra1 Qxb2 30. Qxa6 c4 31. Nd4 c3 32. Qa3 c2 33. Qxb2 Rxb2 34. Kh2 Nxf2 35. Re5 Rf8 36. Kg3 Nd1 37. Be4 Bxe4 38. Rxe4 Nc3 39. Re3 Na2 40. Rb3 c1=Q 41. Rxc1 Rxb3+ 42. Nxb3 Nxc1 43. Nxc1 Rc8 44. Nd3 Rc4 45. Kf3 Kf8 46. Nf4 Ke7 47. e3 g6 48. h4 Kf6 49. Nd5+ Ke5 50. Nf4 Rc3 51. Ne2 Ra3 52. Nf4 h6 53. Nh3 Ra4 54. Nf4 Ra1 55. Nd3+ Kd5 56. Nf4+ Ke5 57. Nd3+ Kf6 58. Nf2 Ra4 59. Ne4+ Ke5 60. Nc5 Rc4 61. Nd3+ Kf6 62. Nf4 g5 63. hxg5+ Kxg5 64. Nh3+ Kh4 65. Nf4 Ra4 66. Ng2+ Kg5 67. Nf4 Ra1 68. Ne2 Rf1+ 69. Kg2 Re1 70. Kf3 Rxe2 71. Kxe2 Kxg4 0-1

[Event "Czech Open-GM 2022"]
[Site "Pardubice"]
[Date "2022.07.28"]
[Round "7.31"]
[White "Horak, Martin"]
[Black "Nemec, Jachym"]
[Result "1/2-1/2"]
[WhiteElo "2238"]
[BlackElo "2357"]
[Annotator "TA"]
[PlyCount "47"]
[EventDate "2022.07.22"]
[EventType "swiss"]
[EventCountry "CZE"]
[SourceTitle "playchess.com"]
[Source "ChessBase"]
[SourceQuality "1"]

1. e4 g6 2. d4 Bg7 3. Nc3 d6 4. Nf3 a6 5. a4 Bg4 6. Be3 Nc6 7. Be2 e5 8. dxe5 dxe5 9. Qxd8+ Rxd8 10. Nd5 Rd7 11. O-O f5 12. h3 Bh5 13. g4 fxe4 14. gxh5 Rxd5 15. Ng5 Nf6 16. Bc4 Rd7 17. hxg6 hxg6 18. c3 Bh6 19. Rad1 Bxg5 20. Bxg5 Rxd1 21. Rxd1 Nh7 22. Be3 Nf6 23. Bg5 Nh7 24. Be3 1/2-1/2

[Event "Czech Open-GM 2022"]
[Site "Pardubice"]
[Date "2022.07.28"]
[Round "7.32"]
[White "Malek, Daniel"]
[Black "Prilleltensky, Matan"]
[Result "0-1"]
[WhiteElo "2355"]
[BlackElo "2191"]
[Annotator "TA"]
[PlyCount "108"]
[EventDate "2022.07.22"]
[EventType "swiss"]
[EventCountry "CZE"]
[SourceTitle "playchess.com"]
[Source "ChessBase"]
[SourceQuality "1"]

1. e4 c5 2. Nf3 e6 3. g3 d5 4. exd5 exd5 5. d4 Nf6 6. Bg2 Be7 7. O-O O-O 8. dxc5 Bxc5 9. Nc3 Nc6 10. a3 Re8 11. b4 d4 12. Ne2 Bb6 13. Bb2 Bg4 14. h3 Bxf3 15. Bxf3 Qd7 16. Bg2 Rad8 17. Nf4 Ne5 18. Re1 Nc4 19. Rxe8+ Rxe8 20. Nd3 Ne4 21. Qf3 Nxb2 22. Nxb2 Nxf2 23. Nc4 Nxh3+ 24. Kh1 Ng5 25. Nxb6 axb6 26. Qxb7 Qg4 27. Qc6 Qh5+ 28. Kg1 Qe2 29. a4 Qe3+ 30. Kh2 g6 31. a5 bxa5 32. bxa5 Re5 33. Qd6 Qe2 34. Rf1 Rxa5 35. Qd8+ Kg7 36. Qxd4+ Qe5 37. Qd3 h5 38. Kh1 Ra1 39. Rxa1 Qxa1+ 40. Kh2 Qe5 41. Kg1 h4 42. gxh4 Qe1+ 43. Bf1 Qxh4 44. Bg2 Qe1+ 45. Kh2 Ne6 46. c4 Qe5+ 47. Kh1 Nf4 48. Qc2 Qe1+ 49. Kh2 Qh4+ 50. Kg1 Qg5 51. c5 Nxg2 52. Qc3+ Kg8 53. c6 Nf4+ 54. Kf2 Qg2+ 0-1

[Event "Czech Open-GM 2022"]
[Site "Pardubice"]
[Date "2022.07.28"]
[Round "7.33"]
[White "Jares, Michal"]
[Black "Stauskas, Lukas"]
[Result "1/2-1/2"]
[WhiteElo "2208"]
[BlackElo "2348"]
[Annotator "TA"]
[PlyCount "145"]
[EventDate "2022.07.22"]
[EventType "swiss"]
[EventCountry "CZE"]
[SourceTitle "playchess.com"]
[Source "ChessBase"]
[SourceQuality "1"]

1. d4 Nf6 2. Nf3 e6 3. g3 d5 4. Bg2 b5 5. O-O Bb7 6. c3 c5 7. a4 b4 8. a5 bxc3 9. bxc3 Nbd7 10. Bf4 Ba6 11. Ne5 Nxe5 12. Bxe5 Be7 13. Nd2 O-O 14. Nb3 Nd7 15. Bf4 Rc8 16. Re1 cxd4 17. cxd4 Rc4 18. e4 Bb4 19. Bd2 Bxd2 20. Qxd2 dxe4 21. Bxe4 Nf6 22. Bg2 Qd6 23. Rac1 Rb8 24. Rxc4 Bxc4 25. Nc5 Bd5 26. Bxd5 Qxd5 27. a6 Rd8 28. Qb2 g6 29. Rb1 Qc4 30. Qb7 Qxd4 31. Nb3 Qd3 32. Na5 Kg7 33. Nc6 Rd7 34. Qb2 Rc7 35. Ne5 Qf5 36. Rf1 Rc5 37. Nd7 Rb5 38. Qc3 e5 39. Nxf6 Qxf6 40. Ra1 e4 41. Qxf6+ Kxf6 42. Ra4 Re5 43. Rb4 Re6 44. Ra4 h5 45. Rb4 g5 46. Kg2 Kg6 47. h3 f5 48. Ra4 h4 49. Kf1 Rb6 50. g4 Re6 51. gxf5+ Kxf5 52. Kg2 Rb6 53. Ra5+ Kf4 54. Ra2 Rb4 55. Ra5 Rb2 56. Ra4 Rd2 57. Ra3 Rc2 58. Ra4 Re2 59. Kg1 Kf3 60. Ra3+ Kf4 61. Kf1 Rd2 62. Kg2 Ke5 63. Ra5+ Rd5 64. Ra4 Rc5 65. Ra3 Kd6 66. Ra4 Re5 67. Rb4 e3 68. fxe3 Rxe3 69. Rb7 Re7 70. Rb5 Rg7 71. Kf3 Kc6 72. Rb1 Rc7 73. Ke4 1/2-1/2

[Event "Czech Open-GM 2022"]
[Site "Pardubice"]
[Date "2022.07.28"]
[Round "7.34"]
[White "Shpanko, Nadiia"]
[Black "Claridge-Hansen, William"]
[Result "1/2-1/2"]
[WhiteElo "2200"]
[BlackElo "2345"]
[Annotator "TA"]
[PlyCount "70"]
[EventDate "2022.07.22"]
[EventType "swiss"]
[EventCountry "CZE"]
[SourceTitle "playchess.com"]
[Source "ChessBase"]
[SourceQuality "1"]

1. e4 d5 2. exd5 Qxd5 3. Nc3 Qd6 4. d4 Nf6 5. Nf3 c6 6. Be2 Bg4 7. h3 Bxf3 8. Bxf3 e6 9. O-O Nbd7 10. Rb1 Qc7 11. Qe2 Be7 12. Bg5 O-O 13. d5 cxd5 14. Bxd5 Nxd5 15. Nxd5 exd5 16. Qxe7 Rfe8 17. Qb4 Nb6 18. Qd2 Rac8 19. c3 Nc4 20. Qd3 Qe5 21. Bc1 Qe4 22. Qxe4 Rxe4 23. b3 Nb6 24. Bd2 Re2 25. Rbd1 Kf8 26. a4 Re6 27. Be3 a5 28. Bxb6 Rxb6 29. Rxd5 Rxb3 30. Rxa5 Rbxc3 31. Rb5 Ra3 32. Rb4 Ra8 33. Rfb1 R3xa4 34. Rxa4 Rxa4 35. Rxb7 g6 1/2-1/2

[Event "Czech Open-GM 2022"]
[Site "Pardubice"]
[Date "2022.07.28"]
[Round "7.35"]
[White "Bujnoch, Radek"]
[Black "Stinka, Jakub"]
[Result "0-1"]
[WhiteElo "2191"]
[BlackElo "2335"]
[Annotator "TA"]
[PlyCount "52"]
[EventDate "2022.07.22"]
[EventType "swiss"]
[EventCountry "CZE"]
[SourceTitle "playchess.com"]
[Source "ChessBase"]
[SourceQuality "1"]

1. d4 Nf6 2. c4 e6 3. Nf3 d5 4. Nc3 c5 5. cxd5 exd5 6. Bg5 Be6 7. e3 c4 8. Be2 Bb4 9. O-O O-O 10. Ne5 Nbd7 11. f4 Bxc3 12. bxc3 Bf5 13. Bf3 Qa5 14. g4 Be4 15. Bxe4 dxe4 16. Nxc4 Qc7 17. Ne5 Nd5 18. Qd2 f6 19. Nxd7 Qxd7 20. Bh4 Qxg4+ 21. Bg3 Rac8 22. Rac1 Rc4 23. Rc2 Rfc8 24. a3 h5 25. Kh1 h4 26. Be1 Qh3 0-1

[Event "Czech Open-GM 2022"]
[Site "Pardubice"]
[Date "2022.07.28"]
[Round "7.36"]
[White "Rakshitta Ravi"]
[Black "Vojta, Jakub"]
[Result "0-1"]
[WhiteElo "2185"]
[BlackElo "2326"]
[Annotator "TA"]
[PlyCount "90"]
[EventDate "2022.07.22"]
[EventType "swiss"]
[EventCountry "CZE"]
[SourceTitle "playchess.com"]
[Source "ChessBase"]
[SourceQuality "1"]

1. Nf3 c5 2. c4 Nf6 3. b3 g6 4. Bb2 Bg7 5. g3 b6 6. Bg2 Bb7 7. O-O O-O 8. e3 e6 9. d4 cxd4 10. exd4 d5 11. Ne5 Qc8 12. Nd2 dxc4 13. bxc4 Rd8 14. Qe2 Bxg2 15. Kxg2 Qb7+ 16. Kg1 Nc6 17. Ndf3 Nxe5 18. Nxe5 Qe4 19. Qe3 Rac8 20. Qa3 Rc7 21. Rfe1 Qf5 22. f3 h5 23. Rad1 Ne8 24. Qe3 Bxe5 25. dxe5 Rxd1 26. Rxd1 Rxc4 27. Ba3 Rc8 28. Rd3 Kg7 29. Qd2 Rc4 30. Kg2 Nc7 31. Rc3 Rxc3 32. Qxc3 Nb5 33. Qb2 Nxa3 34. Qxa3 Qxe5 35. Qxa7 Qa5 36. Qb8 Qxa2+ 37. Kh3 Qd5 38. f4 b5 39. Qb6 Qf5+ 40. Kg2 Qe4+ 41. Kh3 b4 42. Qb8 Qf5+ 43. Kg2 Qd5+ 44. Kh3 b3 45. Kh4 Qf5 0-1

[Event "Czech Open-GM 2022"]
[Site "Pardubice"]
[Date "2022.07.28"]
[Round "7.37"]
[White "Hansch, Karsten"]
[Black "Jirousek, Jan"]
[Result "1-0"]
[WhiteElo "2320"]
[BlackElo "2094"]
[Annotator "TA"]
[PlyCount "67"]
[EventDate "2022.07.22"]
[EventType "swiss"]
[EventCountry "CZE"]
[SourceTitle "playchess.com"]
[Source "ChessBase"]
[SourceQuality "1"]

1. e4 c6 2. d4 d5 3. e5 Bf5 4. h4 h5 5. Bd3 Bxd3 6. Qxd3 Qa5+ 7. Nd2 e6 8. Ngf3 Qa6 9. c4 Nh6 10. O-O Nf5 11. b3 Be7 12. a4 Nd7 13. Ba3 Bxa3 14. Rxa3 c5 15. dxc5 Nxc5 16. Qe2 dxc4 17. Nxc4 O-O 18. Rb1 b6 19. b4 Nd7 20. Rd1 Rfd8 21. b5 Qc8 22. Nd4 Nc5 23. Nd6 Nxd4 24. Rxd4 Qd7 25. Qxh5 Nb7 26. Rg3 Nxd6 27. exd6 f5 28. Qe2 Qf7 29. Re3 Qf6 30. Qc4 Kf7 31. d7 Qe7 32. Qc6 Rh8 33. g3 g5 34. Rd6 1-0

[Event "Czech Open-GM 2022"]
[Site "Pardubice"]
[Date "2022.07.28"]
[Round "7.38"]
[White "Nguyen, Alex Dac-Vuong"]
[Black "Levitan, Caleb Levi"]
[Result "1/2-1/2"]
[WhiteElo "2318"]
[BlackElo "1826"]
[Annotator "TA"]
[PlyCount "150"]
[EventDate "2022.07.22"]
[EventType "swiss"]
[EventCountry "CZE"]
[SourceTitle "playchess.com"]
[Source "ChessBase"]
[SourceQuality "1"]

1. e4 c5 2. Nf3 d6 3. d4 cxd4 4. Nxd4 Nf6 5. f3 Nc6 6. c4 e6 7. Nc3 Be7 8. Nc2 O-O 9. Be3 d5 10. cxd5 exd5 11. exd5 Nb4 12. Bc4 b5 13. Nxb4 Bxb4 14. Bb3 Bb7 15. O-O Bxc3 16. bxc3 Nxd5 17. Bd4 Qg5 18. Kh1 Rfd8 19. Qc1 Qxc1 20. Raxc1 a6 21. c4 bxc4 22. Rxc4 Rd7 23. Rd1 Rad8 24. Bf2 Nf6 25. Rxd7 Rxd7 26. Kg1 g6 27. Bd4 Nd5 28. Kf2 h5 29. h4 Rc7 30. Ra4 Kf8 31. Bc4 Ke7 32. Kg3 Kd7 33. Be5 Rc5 34. Bd4 Rc7 35. Kh2 Ke7 36. Bxa6 Bxa6 37. Rxa6 Rc4 38. Bf2 Rc2 39. Kg3 Nc3 40. Bc5+ Kd7 41. Ra7+ Ke6 42. Ra6+ Kd7 43. Ra7+ Ke6 44. Re7+ Kf6 45. Rc7 Ne2+ 46. Kh2 Rxa2 47. Be7+ Kg7 48. Rc6 f5 49. Bf6+ Kf7 50. Be5 Ra5 51. f4 Ra4 52. Rf6+ Ke7 53. Rxg6 Nxf4 54. Bxf4 Rxf4 55. Kh3 Rf1 56. Kh2 f4 57. Rg5 f3 58. Rxh5 fxg2 59. Kxg2 Rf8 60. Kg3 Kf6 61. Rg5 Kf7 62. Kf4 Rg8 63. Ra5 Kg7 64. Kg5 Kh7+ 65. Kh5 Rb8 66. Ra7+ Kh8 67. Ra5 Rb6 68. Rf5 Ra6 69. Kg5 Rb6 70. Re5 Ra6 71. h5 Rb6 72. Rd5 Ra6 73. Rb5 Rc6 74. Ra5 Rb6 75. h6 Rc6 1/2-1/2

[Event "Czech Open-GM 2022"]
[Site "Pardubice"]
[Date "2022.07.28"]
[Round "7.39"]
[White "Soham Datar"]
[Black "Sorm, Daniel"]
[Result "1-0"]
[WhiteElo "2111"]
[BlackElo "2308"]
[Annotator "TA"]
[PlyCount "119"]
[EventDate "2022.07.22"]
[EventType "swiss"]
[EventCountry "CZE"]
[SourceTitle "playchess.com"]
[Source "ChessBase"]
[SourceQuality "1"]

1. e4 c5 2. Nf3 Nc6 3. d4 cxd4 4. Nxd4 g6 5. Nc3 Bg7 6. Be3 Nf6 7. Bc4 O-O 8. Bb3 d6 9. f3 Bd7 10. Qd2 Nxd4 11. Bxd4 b5 12. a4 bxa4 13. Bxa4 e6 14. O-O d5 15. exd5 Bxa4 16. Rxa4 Nxd5 17. Bxg7 Kxg7 18. Qd4+ Nf6 19. Qe5 Qb8 20. Re1 Rd8 21. Qxb8 Raxb8 22. Ra2 Rb7 23. Kf2 h5 24. Rd1 Rdb8 25. b3 Rc8 26. Ne4 Nxe4+ 27. fxe4 Rc3 28. Ke2 Rbc7 29. Kd2 Kf6 30. Re1 a5 31. Re3 R3c5 32. c4 Ke5 33. Kc3 g5 34. Re1 g4 35. g3 f6 36. Rea1 Ra7 37. Re1 Rac7 38. Rea1 Ra7 39. Rh1 Rc6 40. h3 gxh3 41. Rxh3 Kxe4 42. Rxh5 f5 43. Rg5 Ke3 44. Rg6 Rd6 45. c5 Rd3+ 46. Kc4 Rd4+ 47. Kb5 Rb4+ 48. Kc6 Ra6+ 49. Kc7 Rxb3 50. c6 e5 51. Re6 e4 52. Kd7 Rc3 53. Rd6 Rd3 54. Rxd3+ exd3 55. c7 Ra7 56. Rxa5 d2 57. Rd5 Ke2 58. Re5+ Kd3 59. Rxf5 Ke4 60. Rf1 1-0

[Event "Czech Open-GM 2022"]
[Site "Pardubice"]
[Date "2022.07.28"]
[Round "7.40"]
[White "Kokoszczynski, Jan"]
[Black "Hassemeier, Mika"]
[Result "1-0"]
[WhiteElo "2297"]
[BlackElo "2166"]
[Annotator "TA"]
[PlyCount "220"]
[EventDate "2022.07.22"]
[EventType "swiss"]
[EventCountry "CZE"]
[SourceTitle "playchess.com"]
[Source "ChessBase"]
[SourceQuality "1"]

1. c4 Nf6 2. Nc3 e6 3. e4 d5 4. cxd5 exd5 5. e5 Ne4 6. Nf3 Bf5 7. d3 Nxc3 8. bxc3 c5 9. d4 c4 10. a4 Nc6 11. Be2 Be7 12. O-O O-O 13. Ba3 a6 14. Bxe7 Qxe7 15. a5 f6 16. exf6 Rxf6 17. Re1 Re6 18. Bf1 Rxe1 19. Nxe1 Re8 20. Nc2 Qg5 21. Be2 Be4 22. Ne3 Qd8 23. Qa4 Re6 24. Bxc4 dxc4 25. Qxc4 Qd6 26. d5 Bxd5 27. Nxd5 Kf8 28. Ne3 Qe5 29. h3 Re7 30. Nd5 Rd7 31. Nb6 Re7 32. Rd1 Qf5 33. Nd5 Rd7 34. Rd3 Ne5 35. Qc5+ Kf7 36. Rd4 g5 37. f4 Nc6 38. Rd2 Ne7 39. c4 gxf4 40. Rd4 Ng6 41. Qc8 f3 42. gxf3 Qb1+ 43. Kh2 Qb2+ 44. Kg3 Qxd4 45. Qxd7+ Kf8 46. Qc8+ Kg7 47. Qxb7+ Kh6 48. Qb6 Qxc4 49. Qe3+ Kg7 50. Qc3+ Qxc3 51. Nxc3 Ne7 52. Ne4 Nc6 53. Nc5 Nxa5 54. Nxa6 Kf6 55. Nb4 Kf5 56. Nd5 Nc4 57. Ne7+ Kf6 58. Nc6 Kf5 59. Nd4+ Ke5 60. Nc2 Kf5 61. Kf2 Kf4 62. Ne1 Ne5 63. Ng2+ Kf5 64. f4 Nd7 65. Kf3 Nf6 66. Ne3+ Ke6 67. Ng4 Nd5 68. Ne3 Nf6 69. Nc2 Kd5 70. Ke3 Ke6 71. Nd4+ Kd5 72. Nb5 Ke6 73. Kf3 Kd5 74. Nc3+ Kd4 75. Ne2+ Kd5 76. Ng3 Kd4 77. Nf5+ Kd5 78. Ne3+ Ke6 79. Kg3 Ne4+ 80. Kh4 Nf2 81. Kg3 Ne4+ 82. Kg4 Nf2+ 83. Kh4 Ne4 84. Kh5 Kf7 85. Kh6 Nf6 86. Ng4 Nd5 87. Kg5 Nc3 88. f5 Ne4+ 89. Kf4 Nd6 90. h4 Ne8 91. Ke5 Ke7 92. h5 Kf7 93. f6 Nc7 94. Nh6+ Kf8 95. Nf5 Kf7 96. Nd6+ Kf8 97. Ne4 Ne8 98. Ng5 h6 99. Ne4 Nc7 100. Kf5 Kf7 101. Nd6+ Kf8 102. Kg6 Nd5 103. f7 Nf4+ 104. Kxh6 Ne6 105. Kg6 Nf4+ 106. Kg5 Ne6+ 107. Kf5 Nd8 108. Kg6 Nc6 109. h6 Ne7+ 110. Kg5 Nc8 1-0

[Event "Czech Open-GM 2022"]
[Site "Pardubice"]
[Date "2022.07.28"]
[Round "7.41"]
[White "Jirasko, Miroslav"]
[Black "Brejnik, Gustav"]
[Result "1-0"]
[WhiteElo "2102"]
[BlackElo "2292"]
[Annotator "TA"]
[PlyCount "73"]
[EventDate "2022.07.22"]
[EventType "swiss"]
[EventCountry "CZE"]
[SourceTitle "playchess.com"]
[Source "ChessBase"]
[SourceQuality "1"]

1. e4 c6 2. Nf3 d5 3. d3 dxe4 4. dxe4 Qxd1+ 5. Kxd1 Nf6 6. Nfd2 h5 7. h4 a5 8. a4 Be6 9. f3 Nbd7 10. Bc4 Bxc4 11. Nxc4 g6 12. Bd2 b6 13. Be3 O-O-O 14. Ke2 Kb7 15. c3 Bh6 16. Bxh6 Rxh6 17. b4 axb4 18. cxb4 Rhh8 19. Nc3 Ra8 20. Rhd1 Rhd8 21. Rab1 Rac8 22. Rb2 Ne8 23. Rbd2 Rc7 24. Ne5 Nxe5 25. Rxd8 Nd6 26. f4 Ng4 27. e5 Nf5 28. Rf8 c5 29. Nb5 Nd4+ 30. Nxd4 cxd4 31. Rxd4 Rc2+ 32. Kd3 Rxg2 33. b5 Kc7 34. Rfd8 Nf2+ 35. Ke3 Ng4+ 36. Kf3 Rf2+ 37. Kg3 1-0

[Event "Czech Open-GM 2022"]
[Site "Pardubice"]
[Date "2022.07.28"]
[Round "7.42"]
[White "Shatil, Shir"]
[Black "Keller, Peter"]
[Result "0-1"]
[WhiteElo "2185"]
[BlackElo "2377"]
[Annotator "TA"]
[PlyCount "68"]
[EventDate "2022.07.22"]
[EventType "swiss"]
[EventCountry "CZE"]
[SourceTitle "playchess.com"]
[Source "ChessBase"]
[SourceQuality "1"]

1. d4 Nf6 2. c4 e6 3. Nc3 Bb4 4. e3 O-O 5. Bd3 d5 6. Nf3 b6 7. O-O Bb7 8. cxd5 exd5 9. a3 Bd6 10. b4 a6 11. Ne5 Nbd7 12. f4 c5 13. bxc5 bxc5 14. Rb1 Rb8 15. a4 cxd4 16. exd4 Qc7 17. Bd2 Ne4 18. Nxe4 dxe4 19. Rc1 Qd8 20. Nc6 Bxc6 21. Rxc6 exd3 22. Rxd6 Qc7 23. Rxa6 Rb2 24. Rf2 Qb7 25. Ra5 Rb1 26. Bc1 Rc8 27. Rf1 Rcxc1 28. Qxc1 Rxc1 29. Rxc1 d2 30. Rd1 Qe4 31. Kf1 Qd3+ 32. Kf2 Qxd4+ 33. Ke2 Qc4+ 34. Kf2 Qxf4+ 0-1